000 00421 a2200181 4500
001 137664
020 _a8575322257
040 _cLeonardo Da Vinci
041 _aPortuguês
082 _aJ M647e
_bM647e
100 _aMILLER, Frank
245 _a300 de Esparta
260 _bDeville
_c2006
_aSão Paulo
300 _a80
362 _a20060000
697 _aLiteratura juvenil
_aHistória em quadrinhos
942 _cBK
999 _c137664
_d137664